00934nam a22002657a 450000500170000001000150001702000260003203500130005803700130007108200120008410000200009624500790011625000120019526000340020727000720024130000290031349000260034250000190036865000380038765000520042570000230047794200260050099900170052695201250054320141212112726.0 aENG-111396 a9788120350649c795.00 aEN-94928 bDBAD/PUB a005.133 aDeitel, Paul J. aJava how to program :cby Paul Deitel [and] Harvey DeitelbEarly objects / a10th ed aNew DelhibPHI Learningc2015 aRimjhim House, 111, Patparganj Industrial EstatebNew Delhie110092 axlii, 1198p. c26cm(pbk) aHow to program series aIncludes index a Java (Computer program language) a Object-oriented programming (Computer science) a Deitel, Harvey M. 2ddccENmDEIh005.133 c90331d90331 001040718NFICaDBADbDBADd2014-11-28eDBAD/PUBg795.00l0o005.133 DEIpEN-94928r2014-11-28 00:00:00t1v795.00yEN